Sistemas de bases de datos: un enfoque practico para diseño, implementación y gestión

Furkejuvvon:
Bibliográfalaš dieđut
Váldodahkkit: Connolly, Thomas M (Dahkki), Begg, Carolyn E (Dahkki)
Materiálatiipa: Girji
Giella:espánnjágiella
Almmustuhtton: Madrid, España. Pearson Educación, 2005
Preanttus:4a. ed
Fáttát:
Fáddágilkorat: Lasit fáddágilkoriid
Eai fáddágilkorat, Lasit vuosttaš fáddágilkora!

MARC

LEADER 00000cam a2200000 a 4500
001 UCI0969
003 CL-VaPUC
005 20211026091004.0
008 070608e20050000SP |||||||||||||||||spa|d
999 |c 325919  |d 325917 
020 |a 8478290753 
040 |c Pontificia Universidad Católica de Valparaíso 
082 0 4 |a 005.74 CON 2005  |2 21 
100 0 |a Connolly, Thomas M  |e author  |9 521231 
245 1 0 |a Sistemas de bases de datos: un enfoque practico para diseño, implementación y gestión 
250 |a 4a. ed 
260 |a Madrid, España.  |b Pearson Educación,  |c 2005 
300 |a 1269 páginas 
505 0 |a Parte 1. Introducción. Parte 2. El modelo relacional y los lenguajes relacionales. Parte 3. Técnicas de análisis y diseño de bases de datos. Parte 4. Metodología. Parte 5. Problemas fundamentales en las bases de datos. Parte 6. Bases de datos distribuidas y replicación. Parte 7. Bases de datos orientadas a objetos. Parte 8. Las bases de datos y la World Wide Web. Parte 9. Inteligencia empresarial. Apéndices. referencias. Lecturas adicionales. Índice 
583 |a last modification  |c 20180122 12:49:00  |k Rodrigo Vera 
650 0 |a Diseño de bases de datos   |9 384787 
650 0 |a Bases de datos   |9 260577 
650 0 |a Administración de bases de datos   |9 260338 
650 0 |a Programación de computadores   |9 259531 
700 0 |a Begg, Carolyn E  |e author  |9 521232 
942 |c BK  |2 ddc 
945 |d 20070608 00:00:00  |a jtorresc 
952 |0 0  |1 0  |4 0  |6 005_740000000000000_CON_2005  |7 0  |8 A  |9 407416  |a BIBING  |b BIBING  |d 2019-11-22  |i 4347811  |o 005.74 CON 2005  |p 4347811  |r 2025-01-20  |w 2019-11-22  |y BK  |k CCI 
952 |0 0  |1 0  |4 0  |6 005_740000000000000_CON_2005  |7 0  |8 A  |9 407417  |a BIBING  |b BIBING  |d 2019-11-22  |i 434782K  |o 005.74 CON 2005  |p 434782K  |r 2025-01-20  |w 2019-11-22  |y BK  |k CCI 
952 |0 0  |1 0  |4 0  |6 005_740000000000000_CON_2005  |7 0  |8 A  |9 407418  |a BIBING  |b BIBING  |d 2019-11-22  |i 4347838  |o 005.74 CON 2005  |p 4347838  |r 2025-01-20  |w 2019-11-22  |y BK  |k CCI 
952 |0 0  |1 0  |3 erb  |4 0  |6 005_740000000000000_CON_2005  |7 0  |8 A  |9 407419  |a BIBING  |b BIBING  |i 5452066  |l 4  |m 3  |o 005.74 CON 2005  |p 5452066  |r 2025-01-20  |s 2022-07-04  |w 2019-11-22  |y BK  |z Catalogado en:20180302  |k CCI 
952 |0 0  |1 0  |3 erb  |4 0  |6 005_740000000000000_CON_2005  |7 0  |8 A  |9 407420  |a BIBING  |b BIBING  |i 5452074  |l 3  |m 1  |o 005.74 CON 2005  |p 5452074  |r 2025-01-20  |s 2022-03-28  |w 2019-11-22  |y BK  |z Catalogado en:20180302  |k CCI 
952 |0 0  |1 0  |2 ddc  |4 0  |6 005_740000000000000_CON_2005  |7 0  |8 A  |9 495111  |a BIBING  |b BIBING  |d 2019-12-23  |e 15  |g 53834.00  |i 557031K  |o 005.74 CON 2005  |p 557031K  |r 2025-01-20  |t 1  |v 53834.00  |w 2019-12-23  |y BK